To Amend the Act of July 24, 1941 (55 Stat. 603), As Amended, so as To Authorize Naval Retiring Boards To Consider the Cases of Certain Officers, and for Other Purposes (H.R. 3251). Mr. Andrews of New York.

Bibliographic Details
Corporate Authors: United States. Congress. House. Committee on Armed Services, ProQuest (Firm)
Format: Government Document eBook
Language:English
Published: [Place of publication not identified] : [publisher not identified], 1947.
Series:U.S. Congressional Research.
Subjects:
Online Access:Connect to the full text of this electronic book

MARC

Tag First Indicator Second Indicator Subfields
LEADER 00000cam a22000001a 4500
001 in00003316111
006 m d f
007 cr bn mmmapmmp
008 100513s1947 dcu o f000 0 eng d
005 20260429184745.8
035 |a cis2007831946 
040 |a LexisNexis  |c LexisNexis  |d UtOrBLW 
043 |a n-us--- 
086 0 |a Y 4.Ar 5/2a :947-48/114 
099 |a CMP-1947-ASH-0082 
110 1 |a United States.  |b Congress.  |b House.  |b Committee on Armed Services. 
245 1 0 |a To Amend the Act of July 24, 1941 (55 Stat. 603), As Amended, so as To Authorize Naval Retiring Boards To Consider the Cases of Certain Officers, and for Other Purposes (H.R. 3251). Mr. Andrews of New York. 
264 1 |a [Place of publication not identified] :  |b [publisher not identified],  |c 1947. 
300 |a 1 online resource. 
336 |a text  |b txt  |2 rdacontent 
337 |a computer  |b c  |2 rdamedia 
338 |a online resource  |b cr  |2 rdacarrier 
500 |a Record is based on bibliographic data in LexisNexis U.S. Congressional Research Digital Collection (last viewed May 2010). Reuse except for individual research requires license from LexisNexis. 
500 |a Print. 
500 |a Electronic resource. 
650 0 |a People with disabilities. 
650 0 |a Military pensions. 
650 0 |a Navies. 
655 7 |a Electronic books.  |2 local 
710 2 |a ProQuest (Firm) 
776 0 8 |i Microfiche version:   |a United States. Congress. House. Committee on Armed Services.  |t To Amend the Act of July 24, 1941 (55 Stat. 603), As Amended, so as To Authorize Naval Retiring Boards To Consider the Cases of Certain Officers, and for Other Purposes (H.R. 3251). Mr. Andrews of New York.  |o 80 H1172-0.114 
830 0 |a U.S. Congressional Research. 
856 4 0 |u http://proxy.library.tamu.edu/login?url=https://congressional.proquest.com/congcomp/getdoc?CRDC-ID=CMP-1947-ASH-0082  |z Connect to the full text of this electronic book  |t 0 
999 |a MARS 
999 f f |s fb4ee031-8a98-33dc-92b0-9e18a1687256  |i 340e2188-48ae-36dc-81e6-7c0547b090e7  |t 0 
952 f f |a Texas A&M University  |b College Station  |c Electronic Resources  |s www_evans  |d Available Online  |t 0  |e CMP-1947-ASH-0082  |h Other scheme 
998 f f |a CMP-1947-ASH-0082  |t 0  |l Available Online